<?xml version="1.0" encoding="UTF-8"?>
<record
    xmlns:xsi="http://www.w3.org/2001/XMLSchema-instance"
    xsi:schemaLocation="http://www.loc.gov/MARC21/slim http://www.loc.gov/standards/marcxml/schema/MARC21slim.xsd"
    xmlns="http://www.loc.gov/MARC21/slim">

  <leader>00810nam a2200265 i 4500</leader>
  <controlfield tag="003">CSPC</controlfield>
  <controlfield tag="005">20250328085003.0</controlfield>
  <controlfield tag="008">250313c2023    |||||||| |||| 00| 0 eng d</controlfield>
  <datafield tag="022" ind1=" " ind2=" ">
    <subfield code="a">0361-1817</subfield>
  </datafield>
  <datafield tag="040" ind1=" " ind2=" ">
    <subfield code="a">OH1</subfield>
    <subfield code="b">eng</subfield>
    <subfield code="c">CSPC</subfield>
  </datafield>
  <datafield tag="050" ind1=" " ind2=" ">
    <subfield code="a"> RT1</subfield>
    <subfield code="b">.N756 </subfield>
  </datafield>
  <datafield tag="082" ind1=" " ind2=" ">
    <subfield code="a">610/213 </subfield>
  </datafield>
  <datafield tag="210" ind1=" " ind2=" ">
    <subfield code="a">Nurse pract.</subfield>
    <subfield code="b">Online</subfield>
  </datafield>
  <datafield tag="245" ind1=" " ind2=" ">
    <subfield code="a">The Nurse practitioner</subfield>
  </datafield>
  <datafield tag="246" ind1=" " ind2=" ">
    <subfield code="a">NP</subfield>
  </datafield>
  <datafield tag="260" ind1=" " ind2=" ">
    <subfield code="a">Dual Highway, Suite 201, Hangerstown,</subfield>
    <subfield code="b">Wolters Kluwer Health, Inc.</subfield>
    <subfield code="c">2023-</subfield>
  </datafield>
  <datafield tag="300" ind1=" " ind2=" ">
    <subfield code="a">volumes :</subfield>
    <subfield code="b">illustrations ;</subfield>
    <subfield code="c">27 cm</subfield>
  </datafield>
  <datafield tag="310" ind1=" " ind2=" ">
    <subfield code="a">Monthly </subfield>
  </datafield>
  <datafield tag="490" ind1=" " ind2=" ">
    <subfield code="3">Printed Journal Collection </subfield>
  </datafield>
  <datafield tag="521" ind1=" " ind2=" ">
    <subfield code="a">College of Health and Science (CHS)</subfield>
  </datafield>
  <datafield tag="650" ind1=" " ind2=" ">
    <subfield code="a"> Nursing</subfield>
    <subfield code="v">Periodicals.</subfield>
  </datafield>
  <datafield tag="650" ind1=" " ind2=" ">
    <subfield code="a">Nurse practitioners</subfield>
    <subfield code="v">Periodicals.</subfield>
  </datafield>
  <datafield tag="942" ind1=" " ind2=" ">
    <subfield code="2">ddc</subfield>
    <subfield code="c">SERIALS</subfield>
    <subfield code="n">0</subfield>
  </datafield>
  <datafield tag="952" ind1=" " ind2=" ">
    <subfield code="0">0</subfield>
    <subfield code="1">0</subfield>
    <subfield code="2">ddc</subfield>
    <subfield code="4">0</subfield>
    <subfield code="7">-2</subfield>
    <subfield code="a">CSPC</subfield>
    <subfield code="b">CSPC</subfield>
    <subfield code="c">SER</subfield>
    <subfield code="d">2025-03-13</subfield>
    <subfield code="h">Vol.48, No.2 February 2023</subfield>
    <subfield code="l">0</subfield>
    <subfield code="o">Ser NUR 12 v.48 n.2 2023</subfield>
    <subfield code="p">00135S</subfield>
    <subfield code="r">2025-03-13 11:31:53</subfield>
    <subfield code="t">1</subfield>
    <subfield code="w">2025-03-13</subfield>
    <subfield code="y">SERIALS</subfield>
    <subfield code="z">Journal</subfield>
  </datafield>
  <datafield tag="952" ind1=" " ind2=" ">
    <subfield code="0">0</subfield>
    <subfield code="1">0</subfield>
    <subfield code="2">ddc</subfield>
    <subfield code="4">0</subfield>
    <subfield code="7">-2</subfield>
    <subfield code="a">CSPC</subfield>
    <subfield code="b">CSPC</subfield>
    <subfield code="c">SER</subfield>
    <subfield code="d">2025-05-16</subfield>
    <subfield code="h">Vol.47, No.11 November 2022</subfield>
    <subfield code="l">0</subfield>
    <subfield code="o">Ser NUR 12 v.47 n.11 2022</subfield>
    <subfield code="p">00873S</subfield>
    <subfield code="r">2025-05-16 12:59:05</subfield>
    <subfield code="t">1</subfield>
    <subfield code="w">2025-05-16</subfield>
    <subfield code="y">SERIALS</subfield>
    <subfield code="z">Journal</subfield>
  </datafield>
  <datafield tag="952" ind1=" " ind2=" ">
    <subfield code="0">0</subfield>
    <subfield code="1">0</subfield>
    <subfield code="2">ddc</subfield>
    <subfield code="4">0</subfield>
    <subfield code="7">-2</subfield>
    <subfield code="a">CSPC</subfield>
    <subfield code="b">CSPC</subfield>
    <subfield code="c">SER</subfield>
    <subfield code="d">2025-05-16</subfield>
    <subfield code="h">Vol.47, No.7 July 2022</subfield>
    <subfield code="l">0</subfield>
    <subfield code="o">Ser NUR 12 v.47 n.7 2022</subfield>
    <subfield code="p">00878S</subfield>
    <subfield code="r">2025-05-16 13:02:31</subfield>
    <subfield code="t">1</subfield>
    <subfield code="w">2025-05-16</subfield>
    <subfield code="y">SERIALS</subfield>
    <subfield code="z">Journal</subfield>
  </datafield>
  <datafield tag="952" ind1=" " ind2=" ">
    <subfield code="0">0</subfield>
    <subfield code="1">0</subfield>
    <subfield code="2">ddc</subfield>
    <subfield code="4">0</subfield>
    <subfield code="7">-2</subfield>
    <subfield code="a">CSPC</subfield>
    <subfield code="b">CSPC</subfield>
    <subfield code="c">SER</subfield>
    <subfield code="d">2025-05-16</subfield>
    <subfield code="h">Vol.47, No.9 September 2022</subfield>
    <subfield code="l">0</subfield>
    <subfield code="o">Ser NUR 12 v.47 n.9 2022</subfield>
    <subfield code="p">01094S</subfield>
    <subfield code="r">2025-05-16 13:17:54</subfield>
    <subfield code="t">1</subfield>
    <subfield code="w">2025-05-16</subfield>
    <subfield code="y">SERIALS</subfield>
    <subfield code="z">Journal</subfield>
  </datafield>
  <datafield tag="952" ind1=" " ind2=" ">
    <subfield code="0">0</subfield>
    <subfield code="1">0</subfield>
    <subfield code="2">ddc</subfield>
    <subfield code="4">0</subfield>
    <subfield code="7">-2</subfield>
    <subfield code="a">CSPC</subfield>
    <subfield code="b">CSPC</subfield>
    <subfield code="c">SER</subfield>
    <subfield code="d">2025-05-16</subfield>
    <subfield code="h">Vol.47, No.8 August 2022</subfield>
    <subfield code="l">0</subfield>
    <subfield code="o">Ser NUR 12 v.47 n.8 2022</subfield>
    <subfield code="p">01095S</subfield>
    <subfield code="r">2025-05-16 13:22:48</subfield>
    <subfield code="t">1</subfield>
    <subfield code="w">2025-05-16</subfield>
    <subfield code="y">SERIALS</subfield>
    <subfield code="z">Journal</subfield>
  </datafield>
  <datafield tag="952" ind1=" " ind2=" ">
    <subfield code="0">0</subfield>
    <subfield code="1">0</subfield>
    <subfield code="2">ddc</subfield>
    <subfield code="4">0</subfield>
    <subfield code="7">-2</subfield>
    <subfield code="a">CSPC</subfield>
    <subfield code="b">CSPC</subfield>
    <subfield code="c">SER</subfield>
    <subfield code="d">2025-05-16</subfield>
    <subfield code="h">Vol.47, No.6 June 2022</subfield>
    <subfield code="l">0</subfield>
    <subfield code="o">Ser NUR 12 v.47 n.6 2022</subfield>
    <subfield code="p">01096S</subfield>
    <subfield code="r">2025-05-16 13:29:07</subfield>
    <subfield code="t">1</subfield>
    <subfield code="w">2025-05-16</subfield>
    <subfield code="y">SERIALS</subfield>
    <subfield code="z">Journal</subfield>
  </datafield>
  <datafield tag="952" ind1=" " ind2=" ">
    <subfield code="0">0</subfield>
    <subfield code="1">0</subfield>
    <subfield code="2">ddc</subfield>
    <subfield code="4">0</subfield>
    <subfield code="7">-2</subfield>
    <subfield code="a">CSPC</subfield>
    <subfield code="b">CSPC</subfield>
    <subfield code="c">SER</subfield>
    <subfield code="d">2025-05-16</subfield>
    <subfield code="h">Vol.47, No.10 October 2022</subfield>
    <subfield code="l">0</subfield>
    <subfield code="o">Ser NUR 12 v.47 n.10 2022</subfield>
    <subfield code="p">01097S</subfield>
    <subfield code="r">2025-05-16 13:36:22</subfield>
    <subfield code="t">1</subfield>
    <subfield code="w">2025-05-16</subfield>
    <subfield code="y">SERIALS</subfield>
    <subfield code="z">Journal</subfield>
  </datafield>
  <datafield tag="952" ind1=" " ind2=" ">
    <subfield code="0">0</subfield>
    <subfield code="1">0</subfield>
    <subfield code="2">ddc</subfield>
    <subfield code="4">0</subfield>
    <subfield code="7">-2</subfield>
    <subfield code="a">CSPC</subfield>
    <subfield code="b">CSPC</subfield>
    <subfield code="c">SER</subfield>
    <subfield code="d">2025-05-16</subfield>
    <subfield code="h">Vol.47, No.3 March 2022</subfield>
    <subfield code="l">0</subfield>
    <subfield code="o">Ser NUR 12 v.47 n.3 2022</subfield>
    <subfield code="p">01098S</subfield>
    <subfield code="r">2025-05-16 13:45:19</subfield>
    <subfield code="t">1</subfield>
    <subfield code="w">2025-05-16</subfield>
    <subfield code="y">SERIALS</subfield>
    <subfield code="z">Journal</subfield>
  </datafield>
  <datafield tag="952" ind1=" " ind2=" ">
    <subfield code="0">0</subfield>
    <subfield code="1">0</subfield>
    <subfield code="2">ddc</subfield>
    <subfield code="4">0</subfield>
    <subfield code="7">-2</subfield>
    <subfield code="a">CSPC</subfield>
    <subfield code="b">CSPC</subfield>
    <subfield code="c">SER</subfield>
    <subfield code="d">2025-05-16</subfield>
    <subfield code="h">Vol.47, No.12 December 2022</subfield>
    <subfield code="l">0</subfield>
    <subfield code="o">Ser NUR 12 v.47 n.12 2022</subfield>
    <subfield code="p">01099S</subfield>
    <subfield code="r">2025-05-16 13:48:02</subfield>
    <subfield code="t">1</subfield>
    <subfield code="w">2025-05-16</subfield>
    <subfield code="y">SERIALS</subfield>
    <subfield code="z">Journal</subfield>
  </datafield>
  <datafield tag="952" ind1=" " ind2=" ">
    <subfield code="0">0</subfield>
    <subfield code="1">0</subfield>
    <subfield code="2">ddc</subfield>
    <subfield code="4">0</subfield>
    <subfield code="7">-2</subfield>
    <subfield code="a">CSPC</subfield>
    <subfield code="b">CSPC</subfield>
    <subfield code="c">SER</subfield>
    <subfield code="d">2025-05-16</subfield>
    <subfield code="h">Vol.48, No.1 January 2023</subfield>
    <subfield code="l">0</subfield>
    <subfield code="o">Ser NUR 12 v.48 n.1 2023</subfield>
    <subfield code="p">01100S</subfield>
    <subfield code="r">2025-05-16 14:00:59</subfield>
    <subfield code="t">1</subfield>
    <subfield code="w">2025-05-16</subfield>
    <subfield code="y">SERIALS</subfield>
    <subfield code="z">Journal</subfield>
  </datafield>
  <datafield tag="952" ind1=" " ind2=" ">
    <subfield code="0">0</subfield>
    <subfield code="1">0</subfield>
    <subfield code="2">ddc</subfield>
    <subfield code="4">0</subfield>
    <subfield code="7">-2</subfield>
    <subfield code="a">CSPC</subfield>
    <subfield code="b">CSPC</subfield>
    <subfield code="c">SER</subfield>
    <subfield code="d">2025-05-16</subfield>
    <subfield code="h">Vol.47, No.4 April 2022</subfield>
    <subfield code="l">0</subfield>
    <subfield code="o">Ser NUR 12 v.47 n.4 2022</subfield>
    <subfield code="p">01101S</subfield>
    <subfield code="r">2025-05-16 14:06:15</subfield>
    <subfield code="t">1</subfield>
    <subfield code="w">2025-05-16</subfield>
    <subfield code="y">SERIALS</subfield>
    <subfield code="z">Journal</subfield>
  </datafield>
  <datafield tag="952" ind1=" " ind2=" ">
    <subfield code="0">0</subfield>
    <subfield code="1">0</subfield>
    <subfield code="2">ddc</subfield>
    <subfield code="4">0</subfield>
    <subfield code="7">-2</subfield>
    <subfield code="a">CSPC</subfield>
    <subfield code="b">CSPC</subfield>
    <subfield code="c">SER</subfield>
    <subfield code="d">2025-05-16</subfield>
    <subfield code="h">Vol.47, No.5 May 2022</subfield>
    <subfield code="l">0</subfield>
    <subfield code="o">Ser NUR 12 v.47 n.5 2022</subfield>
    <subfield code="p">01102S</subfield>
    <subfield code="r">2025-05-16 14:23:25</subfield>
    <subfield code="t">1</subfield>
    <subfield code="w">2025-05-16</subfield>
    <subfield code="y">SERIALS</subfield>
    <subfield code="z">Journal</subfield>
  </datafield>
  <datafield tag="999" ind1=" " ind2=" ">
    <subfield code="c">29163</subfield>
    <subfield code="d">29163</subfield>
  </datafield>
</record>
